000 00303nam a2200121Ia 4500
008 190216s9999||||xx |||||||||||||| ||und||
100 _aMadnani Mehta
245 0 _aBasic Mathematics For Commerce
260 _bSulthan Chand&Sons
_c1977
300 _a17.3p
650 _aMathematics
942 _cBK
999 _c30562
_d30562